000 00267nam a2200109Ia 4500
008 200302s9999 xx 000 0 und d
100 _aFremdkorper
245 _aModern Furniture 150 Years of Design
260 _bTandem Verlag Gmbh
260 _c2009
300 _a703 P.,
999 _c2995
_d2995